Guess the pixel country (not every country) - Statistics

General Stats
  • This quiz has been taken 33 times
  • The average score is 11 of 12
Answer Stats
Picture Answer % Correct
India
100%
Australia
97%
Chile
97%
France
97%
Japan
97%
Spain
97%
Brazil
93%
Mexico
93%
South Africa
90%
China
86%
Pakistan
79%
Panama
79%
No matching quizzes found
Score Distribution
Percent of People with Each Score
Percentile by Number Answered
Your Score History
You have not taken this quiz